| 000 | 00759cam a2200265 i 4500 | ||
|---|---|---|---|
| 001 | 113355 | ||
| 005 | 20230410115416.0 | ||
| 008 | 131001b2011 enka 000 0 eng | ||
| 020 | _a9780007427932 | ||
| 041 | 0 | _aeng | |
| 050 | 1 | 4 |
_aHD 4904 _bG773s 2011 |
| 100 | 1 | _aGratton, Lynda | |
| 245 | 1 | 4 |
_aThe shift : _bhow the future of work is already here / _cLynda Gratton |
| 260 |
_aLondon : _bCollins, _c2011 |
||
| 300 | _a374 p. | ||
| 500 | _a"Have you made the crucial shifts for success?"-- subtÃtulo agregado en la cubierta. | ||
| 650 | 0 | _aWork. | |
| 650 | 0 |
_aWork _xSocial aspects. |
|
| 650 | 0 | _aWork environment. | |
| 650 | 0 | _aWork-life balance. | |
| 650 | 4 | _aTrabajo. | |
| 650 | 4 | _aAmbiente de trabajo. | |
| 942 |
_2lcc _cbk |
||
| 946 | _aYSL | ||
| 999 |
_c40567 _d40567 |
||